Disney Princesses - Statistics

General Stats
  • This quiz has been taken 534 times
  • The average score is 9 of 13
Answer Stats
Hint Answer % Correct
Cinderella
95%
Snow White
93%
Ariel
87%
Belle
87%
Aurora
86%
Mulan
86%
Jasmine
79%
Pocahontas
79%
Rapunzel
77%
Tiana
77%
Anastasia
13%
Meg
10%
Esmerelda
5%
No matching quizzes found
Score Distribution
Percent of People with Each Score
Percentile by Number Answered
Your Score History
You have not taken this quiz